000 01217nam1a2200289 i 4500
001 RU\NLR\bibl\137594
005 20260405094209.0
010 _a5-7479-0624-0
035 _a(NLR Aleph) 000134775
090 _a770345
_c770345
100 _a20010301d1995 u y0rusy50 ca
101 0 _arus
102 _aRU
105 _aa |||||||||
200 1 _aОсновы истории культуры малочисленных народов Таймыра
_eХрестоматия
_eПособие для учителей
_fМ.И. Попова
_gМ-во образования РФ, Таймыр. окр. ин-т усоверш. учителей
210 _aКрасноярск
_cКн. изд-во
_d1995
215 _d20
463 0 _1001133110
606 0 _aНароды Таймыра
_jХрестоматии
_xКультура
_xИстория
_92197077
_3RU\NLR\auth\661320424
686 _aТ3(2Р-4Кра-6Т)я72-3
700 1 _4070
_7ca
_8rus
_aПопова
_bМ. И.
_cисторик
_f1926-
_gМаргарита Ивановна
_917964
_3RU\NLR\AUTH\7734965
801 0 _aRU
_bNLR
_c20010301
_gPSBO
801 1 _aRU
_bNLR
_c20010301
852 _aNLR
_j2001-3/1281
942 _cBOOK